000 00701nam a2200277Ia 4500
005 20260324150025.0
008 008 260324s9999 xx 000 0 eng d
020 _a9780203861097
037 _aEBOOK
040 _aCRL
040 _beng
040 _cCRL
041 _2eng
041 _aeng
084 _qCRL
100 _aDavid A. Nyberg
_91224999
245 4 _aThe Philosophy of Open Education (International Library of the Philosophy of Education Volume 15)
260 _bTaylor and Francis
260 _c1975
365 _a
365 _b240
856 _uhttp://www.taylorfrancis.com/books/9780203861097
942 _cEBOOK
999 _c1833758
_d1833758